Statistics for Lizzie McAlpine songs

Click here to take the quiz!

General Stats

  • This quiz has been taken 9 times
  • The average score is 19 of 43

Answer Stats

Answers% Correct
Pancakes for dinner
100%
Reckless driving
100%
Apple pie
80%
Called you again
80%
Ceilings
80%
Doomsday
80%
Erase me
80%
In agreement
80%
Orange show speedway
80%
All my ghosts
60%
An ego thing
60%
Angelina
60%
Chemtrails
60%
Firearm
60%
Hate to be lame
60%
I knew
60%
Over the ocean call (Andrew)
60%
Weird
60%
Give me a minute
40%
How do I tell you
40%
In what world
40%
Let light be light
40%
Means something
40%
Nothing / Sad N stuff
40%
Same boat
40%
Stupid
40%
To the mountains
40%
What a shame
40%
7PM
20%
Headstones and land mines
20%
I don't know you at all
20%
Nobody likes a secret
20%
What are we
20%
When the world stopped moving
20%
Where do I go
20%
You, love (Interlude)
20%
Bored
0%
Devil's hold
0%
False Art
0%
Hold on
0%
I think I
0%
Lady in blue
0%
Never gonna be alone
0%

Score Distribution

Percentile by Number Answered

Percent of People with Each Score

Your Score History

You have not taken this quiz